Iniciar un nuevo viaje: del trabajo infantil a la educación y la formación

Gespeichert in:
Bibliographische Detailangaben
Format: Text
Schlagworte:
Tags: Tag hinzufügen
Keine Tags, Fügen Sie den ersten Tag hinzu!

MARC

LEADER 00000 a a2200000 04500
001 18705
003
040
245 |a Iniciar un nuevo viaje: del trabajo infantil a la educación y la formación  
650 |a TRABAJO DE MENORES  
650 |a EDUCACION  
773 |g número 61; páginas 18-21  
999 |c 19912  |d 19912